000 00919cam a2200241 a 4500
005 20160802105259.0
008 930407s1993 nyuab b 001 0 eng
020 _a0801481392
040 _aDLC
_cDLC
_dDLC
_dCO-BoIAVH
041 0 _aeng
044 _axxu
082 0 4 _a584.4012
_bD81f
100 1 _aDressler, Robert L.,
_d1927-
245 1 0 _aField guide to the orchids of Costa Rica and Panama /
_cRobert L. Dressler.
260 _aIthaca :
_bComstock Pub. Associates,
_c1993.
300 _aix, 374 páginas :
_bilustraciones (algunas a color), mapas ;
_c24 x 16 cm.
504 _aIncluye referencias bibliográficas: páginas 14-15 e índice.
650 2 6 _aOrchidaceae
_zCosta Rica
_xIdentificación
650 2 4 _aOrquídeas
_zCosta Rica
_xIdentificación
650 2 6 _aOrchidaceae
_zPanamá
_xIdentificación
650 2 6 _aOrquídeas
_zPanamá
_xIdentificación
942 _2ddc
_cLIBRO
999 _c5428
_d5428